[Event "Oslo Nordstrand op"]
[Site "Oslo"]
[Date "2015.04.17"]
[Round "1"]
[White "Lund, Eyvind"]
[Black "Thanke, Bror"]
[Result "0-1"]
[WhiteElo "1926"]
[BlackElo "2155"]
[PlyCount "58"]
[EventDate "2015.04.17"]
[EventType "swiss"]
[EventRounds "5"]
[EventCountry "NOR"]
[SourceTitle "CBM 166 Extra"]
[Source "ChessBase"]
[SourceDate "2015.06.18"]
[SourceVersion "1"]
[SourceVersionDate "2015.06.18"]
[SourceQuality "1"]

1. e4 c5 2. Nc3 Nc6 3. Bb5 d6 4. Nge2 Bd7 5. 0-0 Nf6 6. d4 cxd4 7. Nxd4 g6 8. Kh1 Bg7 9. Bxc6 bxc6 10. f4 0-0 11. h3 Rb8 12. Re1 Qc7 13. Nf3 Rfd8 14. Qe2 Nh5 15. Qf2 Qb6 16. Qxb6 Rxb6 17. g4 Nf6 18. e5 dxe5 19. fxe5 Nd5 20. Nxd5 cxd5 21. c3 h5 22. gxh5 gxh5 23. Kh2 Bf5 24. Ng5 d4 25. cxd4 Rxd4 26. b3 Rc6 27. Ba3 Rc2+ 28. Kg3 Rd3+ 29. Nf3 Rcc3 0-1